000 00341nam a22001457a 4500
020 _qHB.
040 _cFIZZA ISHAQ
082 _a004.122
_bBEH
100 _aA, BEHROUZ.
_955514
245 _aTCP/IP PROTOCOL SUITE /
_cBEHROUZ A
250 _a4TH ED.
260 _aNEW YORK :
_bMCGREW HILL,
_c2010.
300 _a979 P. ;
942 _2ddc
_cBK
999 _c566353
_d566353